[Event "Nothing flash, nothing fancy"]
[Site "SchemingMind.com"]
[Date "2016.11.14"]
[Round "-"]
[White "Clive Everill"]
[Black "Scooter"]
[Result "1-0"]
[WhiteCountry "CZE"]
[BlackCountry "USA"]
[WhiteElo "1710"]
[WhiteRD "56"]
[BlackElo "1693"]
[BlackRD "56"]
[GameID "406283"]

1. e4 c6 2. d4 d5 3. e5 Bf5 4. Nf3 e6 5. Be2 Nd7 6. O-O c5 7. c4 dxc4 8. Nc3 cxd4 9. Nxd4 Nxe5 10. Nxf5 exf5
11. Qa4+ Qd7 12. Qxd7+ Kxd7 13. Rd1+ Ke6 14. Be3 Nf6 15. f4 Nd3 16. Bxd3 cxd3 17. Rxd3 Be7 18. Rad1 a6 19. Bb6 Rac8 20. Re3+ Ne4
21. Nxe4 fxe4 22. Rxe4+
1-0

[Event "Nothing flash, nothing fancy"]
[Site "SchemingMind.com"]
[Date "2016.11.14"]
[Round "-"]
[White "Scooter"]
[Black "Clive Everill"]
[Result "1-0"]
[WhiteCountry "USA"]
[BlackCountry "CZE"]
[WhiteElo "1693"]
[WhiteRD "56"]
[BlackElo "1710"]
[BlackRD "56"]
[GameID "406284"]

1. d4 f5 2. Nf3 Nf6 3. Bf4 g6 4. e3 Bg7 5. Be2 d6 6. O-O O-O 7. Nbd2 Nbd7 8. h3 Nb6 9. c4 c5 10. dxc5 dxc5
11. Rb1 Nh5 12. Bh2 Qe8 13. Ne5 Nf6 14. Ndf3 Ne4 15. Nd3 Na4 16. Qc2 a6 17. Nde5 Be6 18. b3 Nac3 19. Rbc1 Rd8 20. Bd3 Bf6
21. Bxe4 Nxe4 22. Rfd1 g5 23. Rxd8 Qxd8 24. Rd1 Qc8 25. Nd2 Nxd2 26. Rxd2 f4 27. exf4 Bxe5 28. fxe5 Bf5 29. Qc3 Qe6 30. Qg3 h6
31. h4 Rf7 32. hxg5 Rg7 33. Rd8+ Kh7 34. Qh4 Rxg5 35. Bf4 Rg4 36. Qh2 Qg6 37. f3 Rxf4 38. Qxf4 Bh3 39. Qd2 Bf5 40. Qd5 Bh3
41. f4 Be6 42. Qxb7 Qg7 43. Qxa6 Bh3 44. Qb7 h5 45. Re8 Kh6 46. Rxe7 Qg6 47. Rh7+ Qxh7 48. Qxh7+ Kxh7 49. gxh3 Kg6 50. h4
1-0

[Event "Nothing flash, nothing fancy"]
[Site "SchemingMind.com"]
[Date "2016.11.14"]
[Round "-"]
[White "Clive Everill"]
[Black "Sir Osis of the Liver"]
[Result "1-0"]
[WhiteCountry "CZE"]
[BlackCountry "ENG"]
[WhiteElo "1710"]
[WhiteRD "56"]
[BlackElo "1539"]
[BlackRD "86"]
[GameID "406285"]

1. e4 d5 2. exd5 Nf6 3. Bb5+ c6 4. dxc6 bxc6 5. Bc4 e6 6. Nf3 Bc5 7. d4 Bb4+ 8. c3 Ba5 9. Bg5 h6 10. Bh4 O-O
11. O-O Bb7 12. b4 Bc7 13. Nbd2 Nbd7 14. Ne4 g5 15. Bg3 Nxe4 16. Bxc7 Qxc7 17. Qd3 Ndf6 18. Ne5 Rad8 19. f3 c5 20. fxe4 Bxe4
21. Qe2 Qb7 22. Rxf6 cxd4 23. cxd4 Rxd4 24. Rxh6 Kg7 25. Qh5 Qe7 26. Rf1 Rd2 27. Be2 Rxe2 28. Qxe2 Kxh6 29. Qxe4 f5 30. Qe3 Qxb4
31. Qxa7 Qb5 32. Nf3 g4 33. Nh4 Qd5 34. Qe3+ Kh5 35. g3 Qxa2 36. Qc5 Rd8 37. Qe7
1-0

[Event "Nothing flash, nothing fancy"]
[Site "SchemingMind.com"]
[Date "2016.11.14"]
[Round "-"]
[White "Sir Osis of the Liver"]
[Black "Clive Everill"]
[Result "0-1"]
[WhiteCountry "ENG"]
[BlackCountry "CZE"]
[WhiteElo "1539"]
[WhiteRD "86"]
[BlackElo "1710"]
[BlackRD "56"]
[GameID "406286"]

1. e4 d5 2. exd5 Qxd5 3. d4 Nc6 4. Nf3 Bg4 5. Be2 O-O-O 6. c4 Qh5 7. h3 e5 8. hxg4 Qxh1+ 9. Bf1 exd4 10. Bf4 Bb4+
11. Nbd2 Re8+ 12. Ne5 f6 13. g5 fxe5 14. Qg4+ Kb8 15. O-O-O exf4 16. Nf3 h5 17. Qd7 Nge7 18. Nxd4 Nxd4 19. Qxd4 Rd8 20. Qxd8+ Rxd8
21. Rxd8+ Nc8 22. Rd1 Qh4 23. a3 Bd6 24. g6 Qxf2 25. Bd3 Be5 26. Rd2 Qe1+ 27. Kc2 Qa1 28. Bf5 Qxb2+ 29. Kd1 Qxa3 30. Rd5 Qa1+
31. Ke2 Qb2+ 32. Kf3 Qc3+ 33. Bd3 Nd6 34. Ke2 c6
0-1

[Event "Nothing flash, nothing fancy"]
[Site "SchemingMind.com"]
[Date "2016.11.14"]
[Round "-"]
[White "Clive Everill"]
[Black "klapa"]
[Result "1-0"]
[WhiteCountry "CZE"]
[BlackCountry "POL"]
[WhiteElo "1662"]
[WhiteRD "55"]
[BlackElo "1410"]
[BlackRD "69"]
[GameID "406287"]

1. e4 e6 2. d4 d5 3. e5 Qe7 4. Nf3 Qb4+ 5. c3 Qa5 6. Bd3 c5 7. dxc5 Bxc5 8. b4 Bxb4 9. cxb4 Qxb4+ 10. Bd2 Qb2
11. Bc3 Qb6 12. O-O f6 13. Re1 f5 14. Bd4 Qb4 15. a3 Qe7 16. Nc3 Qc7 17. Nh4 Nd7 18. Qh5+ Kd8 19. Qf7 Ne7 20. Qxg7 Re8
21. Qxh7 Nf8 22. Qh6 Bd7 23. Rab1 a6 24. Bb6 Ng8 25. Bxc7+ Kxc7 26. Qe3
1-0

[Event "Nothing flash, nothing fancy"]
[Site "SchemingMind.com"]
[Date "2016.11.14"]
[Round "-"]
[White "klapa"]
[Black "Clive Everill"]
[Result "0-1"]
[WhiteCountry "POL"]
[BlackCountry "CZE"]
[WhiteElo "1410"]
[WhiteRD "69"]
[BlackElo "1662"]
[BlackRD "55"]
[GameID "406288"]

1. e4 d6 2. d4 Nf6 3. Bd3 e5 4. d5 g6 5. Qf3 Bg4 6. Qe3 h5 7. Nc3 Bh6 8. Bb5+ Nbd7 9. Qd3 a6 10. Bxd7+ Bxd7
11. Nf3 Bxc1 12. Rxc1 Qe7 13. O-O O-O-O 14. Ne2 Bb5 15. c4 Bd7 16. Ng5 h4 17. h3 Nh5 18. c5 dxc5 19. b4 Qxg5 20. Rxc5 Bb5
21. d6 Bxd3 22. Rxc7+ Kb8 23. Rxf7 Bxe2 24. Re1 Bc4 25. a3 Bxf7
0-1

[Event "Nothing flash, nothing fancy"]
[Site "SchemingMind.com"]
[Date "2016.11.15"]
[Round "-"]
[White "Clive Everill"]
[Black "Wojtek26"]
[Result "0-1"]
[WhiteCountry "CZE"]
[BlackCountry "POL"]
[WhiteElo "1710"]
[WhiteRD "56"]
[BlackElo "1529"]
[BlackRD "46"]
[GameID "406289"]

1. Nf3 d5 2. c4 Nf6 3. cxd5 Nxd5 4. d4 e6 5. e4 Bb4+ 6. Bd2 Bxd2+ 7. Qxd2 Nf6 8. Nc3 O-O 9. Bd3 b6 10. O-O Bb7
11. Rfe1 Nc6 12. Bb5 h6 13. h3 a6 14. Bf1 Qe7 15. Rad1 Rad8 16. Qc2 Nb4 17. Qb3 Nc6 18. d5 Na5 19. Qc2 Qc5 20. dxe6 fxe6
21. Rxd8 Rxd8 22. Qb1 e5 23. Rc1 Qe7 24. b4 Nc6 25. Bc4+ Kh8 26. a4 Nd4 27. Nh4 Qe8 28. f3 Qh5 29. Nf5 Nxf5 30. exf5 Rd2
31. Rd1 Rxg2+ 32. Kxg2 Qxf3+
0-1

[Event "Nothing flash, nothing fancy"]
[Site "SchemingMind.com"]
[Date "2016.11.14"]
[Round "-"]
[White "Wojtek26"]
[Black "Clive Everill"]
[Result "0-1"]
[WhiteCountry "POL"]
[BlackCountry "CZE"]
[WhiteElo "1529"]
[WhiteRD "46"]
[BlackElo "1710"]
[BlackRD "56"]
[GameID "406290"]

1. d4 Nf6 2. Nf3 e6 3. e3 b6 4. c4 Bb7 5. Be2 Be7 6. O-O O-O 7. Nbd2 d5 8. b3 Nbd7 9. Bb2 Bd6 10. h3 c5
11. Rc1 Rc8 12. Ba3 Qe7 13. cxd5 Nxd5 14. Nc4 Bb8 15. Bd3 Ba6 16. Qc2 Nb4 17. Bxh7+ Kh8 18. Bxb4 cxb4 19. Bd3 b5 20. Be2 bxc4
21. Qe4 Nf6 22. Qh4+ Kg8 23. Ng5 Qd6 24. Bf3 Qh2#
0-1

[Event "Nothing flash, nothing fancy"]
[Site "SchemingMind.com"]
[Date "2016.11.14"]
[Round "-"]
[White "Clive Everill"]
[Black "Thomas Jacob Kelly"]
[Result "1-0"]
[WhiteCountry "CZE"]
[BlackCountry "USA"]
[WhiteElo "1710"]
[WhiteRD "56"]
[BlackElo "1751"]
[BlackRD "98"]
[GameID "406291"]

1. e4 c5 2. Nc3 e6 3. Nf3 a6 4. d4 cxd4 5. Nxd4 Qc7 6. Bd3 Nf6 7. f4 Bc5 8. Nb3 d6 9. Nxc5 Qxc5 10. Qf3 O-O
11. Be3 Qc6 12. Qh3 e5 13. f5 b5 14. g4 Rd8 15. g5 Ne8 16. Qh4 Nd7 17. g6 Ndf6 18. Nd5 Nxd5 19. exd5 Qxd5 20. Be4 Qc4
21. Qxh7+ Kf8 22. Bxa8 d5 23. gxf7 Qe4 24. fxe8=Q+ Rxe8 25. Qh8+ Kf7 26. Qh5+ Ke7 27. Qg5+ Kd6 28. O-O Qxc2 29. Rac1
1-0

[Event "Nothing flash, nothing fancy"]
[Site "SchemingMind.com"]
[Date "2016.11.14"]
[Round "-"]
[White "Thomas Jacob Kelly"]
[Black "Clive Everill"]
[Result "1-0"]
[WhiteCountry "USA"]
[BlackCountry "CZE"]
[WhiteElo "1751"]
[WhiteRD "98"]
[BlackElo "1710"]
[BlackRD "56"]
[GameID "406292"]

1. e4 e5 2. f4 d5 3. d4 dxe4 4. fxe5 Bf5 5. Bc4 Nc6 6. Ne2 Nge7 7. O-O Qd7 8. Be3 Ng6 9. Ng3 Bg4 10. Bxf7+ Kd8
11. e6 Bxe6 12. Bxe6 Qxe6 13. d5 Qd6 14. dxc6 bxc6 15. Nxe4 Qd7 16. Qxd7+ Kxd7 17. Nbc3 Bb4 18. Rf7+ Kc8 19. Rxg7 Kb7 20. a3 Ba5
21. Nc5+ Kc8 22. N3e4 Bb6 23. Re1 Ne5 24. Bd4 Rd8 25. Bxe5 a5 26. Kf1 Rf8+ 27. Ke2 Re8 28. Bf4 Bxc5 29. Rxc7+ Kb8 30. Re7+
1-0

[Event "Nothing flash, nothing fancy"]
[Site "SchemingMind.com"]
[Date "2016.11.14"]
[Round "-"]
[White "Clive Everill"]
[Black "Janusz Szopa"]
[Result "0-1"]
[WhiteCountry "CZE"]
[BlackCountry "POL"]
[WhiteElo "1710"]
[WhiteRD "56"]
[BlackElo "1910"]
[BlackRD "94"]
[GameID "406293"]

1. e4 e6 2. d4 d5 3. c4 dxe4 4. Nc3 f5 5. f3 Nf6 6. Bg5 Be7 7. h4 h6 8. Be3 O-O 9. Qb3 Nc6 10. O-O-O f4
11. Bxf4 Nxd4 12. Qa4 c5 13. g4 exf3 14. g5 Nh5 15. Be3 Bd7 16. Qa3 hxg5 17. hxg5 Ng3 18. Rh2 Bxg5 19. Bxg5 Qxg5+ 20. Rhd2 f2
21. Nge2 Ngxe2+ 22. Bxe2 Nxe2+ 23. Nxe2 f1=Q 24. Rxf1 Rxf1+ 25. Kc2 Bc6 26. Rd6 Be4+ 27. Kb3 Rf2
0-1

[Event "Nothing flash, nothing fancy"]
[Site "SchemingMind.com"]
[Date "2016.11.14"]
[Round "-"]
[White "Janusz Szopa"]
[Black "Clive Everill"]
[Result "1-0"]
[WhiteCountry "POL"]
[BlackCountry "CZE"]
[WhiteElo "1910"]
[WhiteRD "94"]
[BlackElo "1710"]
[BlackRD "56"]
[GameID "406294"]

1. e4 d6 2. d4 Nf6 3. Nc3 Nbd7 4. f4 e5 5. Be3 Be7 6. Qf3 b6 7. O-O-O Bb7 8. fxe5 dxe5 9. dxe5 Ng8 10. Bc4 Nxe5
11. Rxd8+ Rxd8 12. Qe2 Nf6 13. Nf3 Neg4 14. h3 Nh6 15. Bxh6 gxh6 16. Ne5 Rd4 17. Bxf7+ Kf8 18. Qe3
1-0